| 000 | 00523nam a22001817a 4500 | ||
|---|---|---|---|
| 008 | 130821s1956 it gr ita | ||
| 040 |
_aCo-BoUCM _bspa |
||
| 041 | 0 | 0 | _aita |
| 092 | _aFM 000400 | ||
| 245 | 0 | 0 |
_aLasettimana santa _bad uso dei fedeli |
| 260 |
_aRoma (Italia) _bEdizione Paoline _c1956 |
||
| 300 | _a254 páginas | ||
| 500 | _aEste libro se encuentra en el depósito de la biblioteca | ||
| 650 | 0 | 4 |
_aMisa _919595 |
| 650 | 0 | 4 |
_aMisales _919598 |
| 650 | 0 | 4 |
_aSemana Santa _924166 |
| 942 |
_cLIBRO _a27 _e1 _n0 |
||
| 999 |
_c85226 _d85226 |
||